<?xml version="1.0" encoding="UTF-8"?>
<collection xmlns="http://www.loc.gov/MARC21/slim">
<record>
  <controlfield tag="001">352910</controlfield>
  <controlfield tag="005">20240928182817.0</controlfield>
  <datafield tag="035" ind1=" " ind2=" ">
    <subfield code="a">G:(GEPRIS)544666969</subfield>
  </datafield>
  <datafield tag="024" ind1="7" ind2=" ">
    <subfield code="a">G:(GEPRIS)544666969</subfield>
    <subfield code="d">544666969</subfield>
  </datafield>
  <datafield tag="040" ind1=" " ind2=" ">
    <subfield code="a">GEPRIS</subfield>
    <subfield code="c">http://gepris.its.kfa-juelich.de</subfield>
  </datafield>
  <datafield tag="150" ind1=" " ind2=" ">
    <subfield code="a">Recht: Die Verrechtlichung von kommunikativer KI</subfield>
    <subfield code="y">2024 -</subfield>
  </datafield>
  <datafield tag="371" ind1=" " ind2=" ">
    <subfield code="a">Professor Dr. Wolfgang Schulz</subfield>
  </datafield>
  <datafield tag="450" ind1=" " ind2=" ">
    <subfield code="a">DFG project G:(GEPRIS)544666969</subfield>
    <subfield code="w">d</subfield>
    <subfield code="y">2024 -</subfield>
  </datafield>
  <datafield tag="510" ind1="1" ind2=" ">
    <subfield code="a">Deutsche Forschungsgemeinschaft</subfield>
    <subfield code="0">I:(DE-588b)2007744-0</subfield>
    <subfield code="b">DFG</subfield>
  </datafield>
  <datafield tag="550" ind1=" " ind2=" ">
    <subfield code="0">G:(GEPRIS)516511468</subfield>
    <subfield code="a">FOR 5656: Kommunikative KI: Die Automatisierung der gesellschaftlichen Kommunikation</subfield>
    <subfield code="w">t</subfield>
  </datafield>
  <datafield tag="680" ind1=" " ind2=" ">
    <subfield code="a">Das Projekt untersucht die Verrechtlichung kommunikativer KI. Der Fokus liegt auf den rechtlichen Rahmenbedingungen für kommunikative Bots (insbesondere ChatGPT) und Social Bots (insbesondere X/Twitter und Facebook) - zum einen aus kommunikationsrechtlicher Sicht, zum anderen aus der Sicht sich abzeichnender KI-Regulierung. P4 stellt die Rechtslage in Deutschland in den Mittelpunkt und rekonstruiert medienrechtliche Grundbegriffe wie "Persönlichkeit", "Meinung" und "Äußerung". Das Projekt befasst sich auch mit der aktuellen und bald in Kraft tretenden EU-Gesetzgebung - namentlich dem AI Act" -, um die Konstruktionen einzubeziehen, die der Regulierung von kommunikativer KI zugrunde liegen. Außerdem wird ein funktionaler Vergleich mit britischen, österreichischen und US-amerikanischen Rechtskontexten geleistet, um weitere Ansätze zur laufenden Verrechtlichung kommunikativer KI in die Analyse einzubeziehen. Im Mittelpunkt stehen die Fragen, inwieweit rechtliche Definitionen und Konzepte die soziomaterielle Konstitution von kommunikativer KI prägen und welche Elemente und Verbindungen hybrider Figurationen rechtlich bedeutsam sind. Auf diese Weise adressiert das Projekt die Herausforderungen hybrider Agency aus juristischer Perspektive.</subfield>
  </datafield>
  <datafield tag="909" ind1="C" ind2="O">
    <subfield code="o">oai:juser.fz-juelich.de:1031087</subfield>
    <subfield code="p">authority:GRANT</subfield>
    <subfield code="p">authority</subfield>
  </datafield>
  <datafield tag="980" ind1=" " ind2=" ">
    <subfield code="a">G</subfield>
  </datafield>
  <datafield tag="980" ind1=" " ind2=" ">
    <subfield code="a">AUTHORITY</subfield>
  </datafield>
  <datafield tag="909" ind1="C" ind2="O">
    <subfield code="o">oai:juser.fz-juelich.de:1031087</subfield>
  </datafield>
</record>
</collection>